K vybraným otázkam dôchodkových reforiem v krajinách OECD
Nevyhnutnosť reformovať dôchodkové systémy. Demografické východiská. Modifikácia veku odchodu do dôchodku. Dôchodkový vek v krajinách OECD počas rokov 1960-2050. Očakávaná dĺžka života. Porovnanie verejných výdavkov na dôchodkové systémy v krajinách OECD. Adekvátna výška dôchodku.
Gespeichert in:
| 1. Verfasser: | |
|---|---|
| Weitere Verfasser: | |
| Format: | Buchkapitel |
| Sprache: | Slowakisch |
| Schlagworte: | |
| Tags: |
Keine Tags, Fügen Sie das erste Tag hinzu!
|
MARC
| LEADER | 00000naa a2200000 4500 | ||
|---|---|---|---|
| 001 | 0126335 | ||
| 005 | 20240502072435.7 | ||
| 041 | 0 | |a slo | |
| 044 | |a SK | ||
| 245 | 1 | 0 | |a K vybraným otázkam dôchodkových reforiem v krajinách OECD |c Eva Rievajová, Zuzana Poláčiková |
| 520 | |a Nevyhnutnosť reformovať dôchodkové systémy. Demografické východiská. Modifikácia veku odchodu do dôchodku. Dôchodkový vek v krajinách OECD počas rokov 1960-2050. Očakávaná dĺžka života. Porovnanie verejných výdavkov na dôchodkové systémy v krajinách OECD. Adekvátna výška dôchodku. | ||
| 610 | 2 | 0 | |a reformy dôchodkové |
| 610 | 2 | 0 | |a vek produktívny |
| 610 | 2 | 0 | |a krajiny vyspelé |
| 610 | 2 | 0 | |a populácia |
| 610 | 2 | 0 | |a dôchodky |
| 610 | 2 | 0 | |a starnutie populácie |
| 100 | 1 | |a Rievajová, Eva | |
| 700 | 1 | |a Poláčiková, Zuzana | |